|
|
|
|
| LEADER |
00959nab a2200265 i 4500 |
| 001 |
misc65726 |
| 005 |
20240927093935.0 |
| 008 |
240223s1932 hu o 000 fre d |
| 022 |
|
|
|a 0044-8699
|
| 040 |
|
|
|a SZTE Miscellanea Repozitórium
|b hun
|
| 041 |
|
|
|a fre
|
| 041 |
|
|
|a per
|
| 100 |
1 |
|
|a Tauer Felix
|
| 245 |
1 |
4 |
|a Les manuscrits persans historiques des bibliothèques de Stamboul
|h [elektronikus dokumentum] :
|b quatrième partie /
|c Tauer Felix
|
| 260 |
|
|
|a Oriental Institute of the Czech Academy of Sciences
|b Praha
|c 1932
|
| 300 |
|
|
|a 92-107
|
| 300 |
|
|
|a [16] p.
|
| 490 |
0 |
|
|a Archiv Orientální
|
| 561 |
|
|
|a Németh Gyula hagyaték
|
| 591 |
|
|
|a NOP 5943
|
| 650 |
|
4 |
|a Bölcsészettudományok
|
| 650 |
|
4 |
|a Történettudomány és régészet
|
| 650 |
|
4 |
|a Nyelvek és irodalom
|
| 695 |
|
|
|a Kéziratok - perzsa - katalógus, Oszmán Birodalom története - forrás
|
| 856 |
4 |
0 |
|u http://misc.bibl.u-szeged.hu/65726/1/5943_nop.pdf
|z Dokumentum-elérés
|